000 00287nam a22001337a 4500
008 181219b xxu||||| |||| 00| 0 eng d
020 _a66958005
041 _aeng
080 _23rd
_a820
100 _a21
101 _aGJL
245 _aWorld Literature
_cAnderson,J
942 _2udc
_cBK
999 _c53511
_d53511